000
00204 a2200097 4500
001
47942
100
_a
Waddy
245
_a
Women in Muslim history
260
_a
London
_b
Longman
_c
090
_c
30937
_d
30937
942
_a
NUST-CAE
_c
M
_c
23266
999
_c
283015
_d
283015